50 Nomes mais populares do Brasil começando com N - Statistics

Estatísticas Gerais
  • Esse quiz foi jogado 316 vezes
  • A pontuação média é 24 de 50
Estatísticas das Respostas
# NOMES FREQUÊNCIA % Correto
49 Natal 10.623
88%
17 Natali/Nataly 50.069
87%
1 Natália/Nathália 385.434
84%
13 Natan/Nathan 75.309
78%
33 Nei/Ney 19.725
78%
34 Noel 19.198
78%
8 Nicolas 112.589
73%
50 Noé 10.298
72%
5 Nicole/Nicoli 125.807
69%
3 Nélson 200.581
60%
4 Naiara/Nayara 133.601
59%
6 Nair 116.661
58%
28 Noeli 27.110
58%
29 Noemi 26.815
58%
16 Nádia 51.334
56%
14 Natanael 70.645
55%
9 Nilton 105.128
55%
10 Nilson 101.796
53%
20 Norma 46.688
52%
7 Neide 113.728
51%
19 Noemia 48.510
51%
18 Núbia 48.672
51%
23 Nara 30.913
49%
2 Neusa/Neuza 229.875
49%
41 Nilma 16.564
48%
25 Nívea/Nívia 27.690
48%
22 Neli 37.902
47%
11 Nilza 80.285
46%
12 Nivaldo 78.831
46%
15 Nadir 64.267
43%
26 Natasha/Natacha 27.255
43%
21 Nilda 44.455
43%
47 Noélia 11.247
42%
27 Naiane 27.066
40%
40 Nilce 16.792
38%
43 Norberto 13.110
37%
46 Nélio 11.427
36%
37 Naíra 18.205
35%
24 Neiva 29.901
35%
48 Nildo 10.628
35%
30 Natalina 26.493
34%
32 Natalino 20.211
33%
35 Nanci 18.842
31%
38 Nelma 17.760
29%
42 Nestor 16.014
29%
31 Nazaré 25.915
26%
45 Neila 11.638
25%
36 Nilo 18.599
22%
39 Neri/Nery 16.901
20%
44 Nelsa 11.896
7%
Nenhum quiz correspondente encontrado
Distribuição das Pontuações
Porcentagem de Pessoas com Cada Pontuação
Percentil de Números Respondidos
Sua Pontuação Histórica
Você não jogou esse quiz